000 00667cam a2200229 a 4500
001 000005548
005 20200929151717.0
008 780210s1993 sp 000 p spa d
020 _a8475222994
040 _aDO-SdBNP
_cDLC
_dDLC
082 _a861.64
_bC112d
100 1 _aCaballero Bonald, José Manuel,
_d1928-
_99887
245 1 0 _aDescrédito del héroe /
_cJosé Manuel Caballero Bonald.
260 _aMadrid :
_bVisor Libros,
_c1993.
300 _a201 p. ;
_c20 cm.
490 1 _aVisor de Poesía
_v299
650 4 _aPoesía española
_9631
650 4 _aLiteratura española
_9632
910 _aCatalogación por copia / LC
910 _aWM
049 _aBNGR
999 _c5347
_d5347